Pozice ČR vůči rozpočtu EU v letech 2004-2008

Čerpanie finančných prostriedkov z rozpočtu EÚ z pohľadu Českej republiky.

Enregistré dans:
Détails bibliographiques
Auteur principal: Dušek, Jiří
Autres auteurs: Skořepa, Ladislav
Format: Chapitre de livre
Langue:tchèque
Sujets:
Tags: Ajouter un tag
Pas de tags, Soyez le premier à ajouter un tag!

MARC

LEADER 00000naa$a2200000$$$4500
001 0109127
005 20220720110546.7
041 0 |a cze 
044 |a CZ 
245 1 0 |a Pozice ČR vůči rozpočtu EU v letech 2004-2008  |c Jiří Dušek, Ladislav Skořepa 
520 |a Čerpanie finančných prostriedkov z rozpočtu EÚ z pohľadu Českej republiky. 
610 2 0 |a rozpočet spoločný 
610 2 0 |a Česko 
610 2 0 |a Európska únia 
610 2 0 |a reformy hospodárske 
610 2 0 |a zdroje finančné 
610 2 0 |a rast hospodársky 
100 1 |a Dušek, Jiří 
700 1 |a Skořepa, Ladislav